000 00317nam a22001337a 4500
008 170512b xxu||||| |||| 00| 0 eng d
020 _a9780314204486
041 _aeng
080 _a34
100 _a15
101 _aSHJ
245 _aELECTRONIC DISCOVERY AND DIGITAL EVIDENCE
_cSCHEINDLIN, SH.A
942 _2udc
_cBK
999 _c13271
_d13271